[Event "Challenge"]
[Site "http://www.queenalice.com/game.php?id=926806"]
[Date "2011.4.17"]
[Round "-"]
[White "davidg"]
[Black "colatina"]
[Result "0-1"]
[WhiteElo "2107"]
[BlackElo "2133"]

1. d4 Nf6 2. c4 b6 3. f3 e6 4. Nc3 Nc6 5. e4 Bb4 6. a3 Bxc3+ 7. bxc3 e5 8. d5
Na5 9. Bg5 d6 10. Bd3 O-O 11. Ne2 Ba6 12. Qa4 Qd7 13. Qb4 c5 14. Qb1 Bxc4 15.
Bxf6 gxf6 16. Bxc4 Nxc4 17. O-O Nd2 18. Qc1 Nxf1 19. Kxf1 Kh8 20. h4 f5 21. Qh6
f6 22. Ng3 fxe4 23. Nxe4 Rad8 24. c4 Qg7 25. Qe3 h6 26. Ra2 f5 27. Nc3 Rg8 28.
g4 fxg4 29. fxg4 Qf6+ 30. Rf2 Qxh4 31. Ne4 Rg6 32. g5 hxg5 33. Kg1 Qg4+ 34. Kf1
Qd1+ 35. Kg2 Rh6 36. Ng3 Qg4 37. Rf5 Qxc4 38. Rxg5 Qxd5+ 39. Ne4 Rh4 40. Qf3
Qxe4 41. Rh5+ Kg7 42. Rg5+ Kh6 43. Rh5+ Kg6 0-1

[Event "Challenge"]
[Site "http://www.queenalice.com/game.php?id=926813"]
[Date "2011.4.17"]
[Round "-"]
[White "Xmen"]
[Black "davidg"]
[Result "0-1"]
[WhiteElo "2098"]
[BlackElo "2076"]

1. h3 d5 2. d4 Nf6 3. c3 e6 4. Nf3 Bd6 5. e3 O-O 6. Bd3 b6 7. Nbd2 Bb7 8. Ne5
Nbd7 9. Nxd7 Qxd7 10. Nf3 c5 11. Bd2 Qc7 12. Ng5 h6 13. Nf3 Rfe8 14. Bb5 Re7 15.
Bd3 Ne4 16. O-O g5 17. Kh1 f5 18. a4 Rf8 19. Bxe4 dxe4 20. Ng1 Rg7 21. Qh5 Rf6
22. Qe8+ Kh7 23. Ne2 Rfg6 24. b4 Bc6 25. Qxg6+ Rxg6 26. bxc5 bxc5 27. dxc5 Bxc5
28. Nd4 Bxd4 29. cxd4 g4 30. Rfc1 Qd6 31. Rc5 gxh3 32. g3 Bd5 33. Rac1 Rg7 34.
Bb4 h5 35. Rb5 Qa6 36. Rb1 Qxa4 37. Bf8 Rc7 38. R5b4 Qc2 39. R4b2 Qd3 40. Bd6
Rc2 41. Kh2 Rxb2 42. Rxb2 Qf1 43. f3 exf3 44. Bc5 f2 0-1

[Event "Challenge"]
[Site "http://www.queenalice.com/game.php?id=926814"]
[Date "2011.4.17"]
[Round "-"]
[White "davidg"]
[Black "Xmen"]
[Result "1/2-1/2"]
[WhiteElo "2080"]
[BlackElo "2113"]

1. d4 d5 2. Nf3 Nf6 3. c4 c6 4. Ne5 dxc4 5. Nxc4 Bf5 6. f3 Bxb1 7. Rxb1 e6 8. a3
Na6 9. b4 Nd5 10. Rb3 Be7 11. e4 Ndc7 12. Na5 Qc8 13. Bd3 Nb5 14. O-O b6 15. a4
bxa5 16. axb5 Nxb4 17. Be2 O-O 18. Rc3 Qc7 19. bxc6 Nxc6 20. Bb5 Bd6 21. Rxc6
Bxh2+ 22. Kh1 Qb8 23. Ba4 Kh8 24. Ba3 Rd8 25. Bc1 Be5 26. Be3 Bxd4 27. Bxd4 e5
28. Rc4 exd4 29. Rxd4 Qb6 30. Rxd8+ Rxd8 31. Qe2 Qh6+ 32. Kg1 Qb6+ 33. Qf2 Rd2
34. Qxb6 axb6 35. Rb1 Rd6 36. e5 Re6 37. f4 g5 38. g3 gxf4 39. gxf4 h5 40. Bc2
Kg7 41. Kg2 Kf8 42. Kg3 Rc6 43. Rb2 Rc3+ 44. Kh4 b5 45. Kxh5 Rh3+ 46. Kg4 Rh2
47. Rxb5 Rxc2 48. Rxa5 Rc7 49. f5 Kg7 50. Kg5 Rc2 51. Ra4 Rg2+ 52. Kf4 Rf2+ 53.
Ke4 Re2+ 54. Kd5 Rf2 55. Rg4+ Kf8 56. f6 Rd2+ 57. Ke4 Rd1 58. Rh4 Kg8 59. Kf5
Re1 60. Rf4 Rb1 61. Rg4+ Kf8 62. Ra4 Kg8 63. Ra8+ Kh7 64. Rf8 Rf1+ 65. Ke4 Re1+
66. Kd5 Rd1+ 67. Kc6 Kg6 68. Kc7 Rd5 69. Re8 Kf5 70. Re7 Rxe5 71. Kd6 Rb5 72.
Rxf7 Rb6+ 73. Ke7 Re6+ 74. Kd7 1/2-1/2

[Event "Challenge"]
[Site "http://www.queenalice.com/game.php?id=926823"]
[Date "2011.4.17"]
[Round "-"]
[White "tewald"]
[Black "davidg"]
[Result "0-1"]
[WhiteElo "1932"]
[BlackElo "2100"]

1. e4 c5 2. Nf3 Nc6 3. d3 e5 4. g3 d6 5. Bg2 f5 6. Nbd2 h6 7. c3 Qf6 8. Nf1 g5
9. Ne3 f4 10. Nd5 Qf7 11. h4 g4 12. Nd2 f3 13. Bf1 Be6 14. c4 O-O-O 15. a3 Nd4
16. Nb3 Ne7 17. Nxd4 cxd4 18. b4 Bxd5 19. cxd5 Kb8 20. Bb2 h5 21. Be2 fxe2 22.
Qxe2 Qf3 0-1

[Event "Challenge"]
[Site "http://www.queenalice.com/game.php?id=926835"]
[Date "2011.4.17"]
[Round "-"]
[White "paloberto"]
[Black "davidg"]
[Result "0-1"]
[WhiteElo "2110"]
[BlackElo "2066"]

1. c4 e5 2. Nc3 f5 3. d4 exd4 4. Qxd4 Nc6 5. Qd3 d6 6. Nf3 Nf6 7. g3 Nb4 8. Qd1
Be7 9. Qa4+ Nc6 10. Bg2 Bd7 11. O-O O-O 12. c5 Kh8 13. cxd6 Bxd6 14. Nd4 Nb4 15.
Qb3 Rb8 16. a3 Nc6 17. Nxc6 bxc6 18. Qc2 Qe8 19. Bg5 h6 20. Be3 c5 21. Rfd1 Ng4
22. Bc1 f4 23. h3 fxg3 24. fxg3 Nf2 25. Rf1 Bxg3 26. e4 Nxh3+ 27. Bxh3 Bxh3 28.
Rxf8+ Qxf8 29. Be3 Qf3 30. Bxc5 Rd8 31. Bxa7 Rd6 32. Nd5 Bf2+ 33. Qxf2 Rg6+ 0-1

[Event "Challenge"]
[Site "http://www.queenalice.com/game.php?id=926836"]
[Date "2011.4.17"]
[Round "-"]
[White "paloberto"]
[Black "davidg"]
[Result "0-1"]
[WhiteElo "2096"]
[BlackElo "2065"]

1. d4 d5 2. c4 e6 3. Nc3 h6 4. cxd5 exd5 5. Bf4 Bd6 6. Nxd5 Be6 7. Bxd6 Bxd5 8.
Be5 f6 9. Bf4 g5 10. Bd2 Nc6 11. e3 Qe7 12. Bb5 O-O-O 13. f3 Nxd4 14. Bd3 Kb8
15. Ne2 Nc6 16. e4 Be6 17. Qc2 Nb4 18. Bxb4 Qxb4+ 19. Nc3 Ne7 20. O-O Qd4+ 21.
Rf2 Qxd3 22. Qxd3 Rxd3 23. Rc1 Rhd8 24. h3 Ng6 25. Kh2 Nf4 26. g4 h5 27. a4 hxg4
28. hxg4 Rh8+ 29. Kg1 Nh3+ 30. Kg2 Nxf2 31. Kxf2 Rh2+ 32. Kg1 Rdd2 33. Nb5 Rdg2+
34. Kf1 Rxb2 35. Kg1 c6 36. Nd4 Ba2 37. Nf5 Rhd2 38. Ne3 Rd3 39. Nf1 Rxf3 0-1

[Event "Challenge"]
[Site "http://www.queenalice.com/game.php?id=931022"]
[Date "2011.4.27"]
[Round "-"]
[White "Xmen"]
[Black "davidg"]
[Result "1-0"]
[WhiteElo "2123"]
[BlackElo "2080"]

1. Nf3 d5 2. c4 c6 3. e3 Bf5 4. cxd5 cxd5 5. Nc3 Nf6 6. Qb3 b6 7. Bb5+ Nbd7 8.
Nd4 Be6 9. Bc6 Rc8 10. O-O g6 11. e4 Bg7 12. exd5 Bf5 13. Nxf5 gxf5 14. Qc2 e6
15. dxe6 fxe6 16. Nb5 O-O 17. Qc4 Nd5 18. d4 a6 19. Na7 Rc7 20. Re1 Rxa7 21.
Rxe6 N7f6 22. Re5 Kh8 23. Bxd5 Rd7 24. Bg5 Rxd5 25. Bxf6 Rxd4 26. Bxg7+ Kxg7 27.
Qxa6 Rf7 28. Rae1 Rd2 29. Qa3 Qd4 30. Qg3+ Qg4 31. Qe3 Rd6 32. Re7 Rf6 33. h3
Qg6 34. Qd4 Kh6 35. Qf4+ Kg7 36. R7e3 Qh5 37. Rb3 Rg6 38. Qd4+ Kh6 39. Rxb6 1-0

[Event "Challenge"]
[Site "http://www.queenalice.com/game.php?id=931023"]
[Date "2011.4.27"]
[Round "-"]
[White "davidg"]
[Black "Xmen"]
[Result "0-1"]
[WhiteElo "2095"]
[BlackElo "2111"]

1. d4 d5 2. c4 dxc4 3. e3 Nf6 4. Bxc4 e6 5. a3 Nbd7 6. Nf3 Ne4 7. O-O Nb6 8. Bd3
Qd5 9. Nc3 Nxc3 10. bxc3 Bd6 11. Qe2 Qh5 12. e4 Bd7 13. c4 c5 14. d5 f6 15. Bc2
Bxh2+ 16. Kh1 Be5+ 17. Kg1 Bxa1 18. Qd3 e5 19. Bd2 Bd4 20. Nxd4 exd4 21. Bf4 O-O
22. Bd6 Rfc8 23. f4 Bg4 24. Rf2 Qg6 25. f5 Qg5 26. Bf4 Qh5 27. g3 Qf7 28. e5
fxe5 29. Bxe5 Nd7 30. Bf4 b5 31. Bd2 bxc4 32. Qxc4 Ne5 33. Qf1 Qxd5 34. Bd1 Bxd1
35. Qxd1 c4 36. f6 c3 37. Bf4 gxf6 38. Bxe5 fxe5 39. Qg4+ Kh8 0-1

[Event "Challenge"]
[Site "http://www.queenalice.com/game.php?id=931441"]
[Date "2011.4.28"]
[Round "-"]
[White "colatina"]
[Black "davidg"]
[Result "1-0"]
[WhiteElo "2241"]
[BlackElo "2074"]

1. Nc3 d5 2. e4 d4 3. Nce2 c5 4. Nf3 Nc6 5. Ng3 e5 6. Bb5 Bd6 7. O-O Ne7 8. d3
O-O 9. a4 Kh8 10. Ng5 Be6 11. Qh5 h6 12. Bd2 Ng8 13. Nxe6 fxe6 14. Qh3 Qf6 15.
Kh1 Nd8 16. Bc4 g5 17. a5 Qg6 18. a6 b6 19. f3 Rc8 20. Kg1 Rc7 21. Rfd1 Rcf7 22.
Kh1 Rh7 23. Rab1 Nf6 24. Bxe6 Nxe6 25. Qxe6 Bb8 26. Qh3 Ng8 27. Nf5 Nf6 28. c3
h5 29. Qg3 g4 30. b4 1-0

[Event "Challenge"]
[Site "http://www.queenalice.com/game.php?id=931442"]
[Date "2011.4.28"]
[Round "-"]
[White "davidg"]
[Black "colatina"]
[Result "0-1"]
[WhiteElo "2084"]
[BlackElo "2233"]

1. d4 d5 2. c4 c6 3. Nf3 Nf6 4. Nc3 e6 5. a3 dxc4 6. e4 b5 7. Bg5 Nbd7 8. e5 h6
9. Bh4 g5 10. Bg3 Nd5 11. Ne4 Qa5+ 12. Nfd2 Bb7 13. Rc1 c5 14. dxc5 Bxc5 15. Qh5
Be7 16. Nd6+ Bxd6 17. exd6 c3 18. bxc3 Qxa3 19. Rb1 Nxc3 20. Bxb5 Nxb5 21. Rxb5
Bxg2 22. Rg1 Bc6 23. Rb1 e5 24. Qe2 Qxd6 25. Nc4 Qg6 26. Rd1 O-O 27. h4 Ba4 28.
Rxd7 Bxd7 29. Nxe5 Qb1+ 30. Qd1 Rfb8 31. Bh2 Qe4+ 0-1

[Event "Challenge"]
[Site "http://www.queenalice.com/game.php?id=932814"]
[Date "2011.5.2"]
[Round "-"]
[White "Matrim"]
[Black "davidg"]
[Result "0-1"]
[WhiteElo "2007"]
[BlackElo "2082"]

1. d4 d5 2. Bf4 e6 3. e3 Bd6 4. Bg3 Nf6 5. Nf3 O-O 6. Bd3 Nbd7 7. c3 Ne4 8. Nbd2
Nxg3 9. hxg3 f5 10. Qc2 c5 0-1

[Event "Challenge"]
[Site "http://www.queenalice.com/game.php?id=932815"]
[Date "2011.5.2"]
[Round "-"]
[White "davidg"]
[Black "Matrim"]
[Result "1-0"]
[WhiteElo "2095"]
[BlackElo "1994"]

1. d4 Nf6 2. c4 g6 3. Nc3 Bg7 4. e4 d6 5. Be2 O-O 6. Be3 b6 7. h3 Bb7 8. Qc2 Nc6
9. d5 Nb4 10. Qd2 a5 11. h4 1-0

[Event "Challenge"]
[Site "http://www.queenalice.com/game.php?id=933293"]
[Date "2011.5.2"]
[Round "-"]
[White "Antonino"]
[Black "davidg"]
[Result "1-0"]
[WhiteElo "2011"]
[BlackElo "2131"]

1. e4 c5 2. Nf3 Nc6 3. d4 cxd4 4. Nxd4 Nf6 5. Nc3 d6 6. Bg5 Nd7 7. f4 h6 8. Bh4
Qa5 9. Bc4 g6 10. Nb3 Qb4 11. Bd3 Bg7 12. Qd2 Bxc3 13. bxc3 Qb6 14. Ke2 Nc5 15.
Bf2 Bg4+ 16. Kf1 Na5 17. f5 gxf5 18. Nxc5 dxc5 19. exf5 Rd8 20. Qf4 Qb2 21. Re1
c4 22. Be4 Bd1 23. Bf3 Bxf3 24. Qe5 O-O 25. gxf3 Kh7 26. Bd4 Rg8 27. Qxe7 Rxd4
28. cxd4 Qxd4 29. Qe4 Qf6 30. Qe5 Qg5 31. Qe2 c3 32. h4 Qg3 33. Qf2 Qc7 34. Rg1
Qc4+ 35. Re2 Rd8 36. Kg2 Nc6 37. Kh3 Qf4 38. Qg3 Qxf5+ 39. Qg4 Qf6 40. Reg2 Rf8
41. Qe4+ Kh8 42. Rg4 Nd8 43. Rf4 Qe6+ 44. Qf5 f6 45. Rg6 Kh7 46. Rxf6+ Qxf5+ 47.
R4xf5 Rxf6 48. Rxf6 Kg7 49. Rd6 Nc6 50. Rd7+ Kg6 51. Rxb7 1-0

[Event "Challenge"]
[Site "http://www.queenalice.com/game.php?id=933294"]
[Date "2011.5.2"]
[Round "-"]
[White "davidg"]
[Black "Antonino"]
[Result "1-0"]
[WhiteElo "2105"]
[BlackElo "2011"]

1. e4 e5 2. Bc4 Nf6 3. d3 d5 4. exd5 Nxd5 5. h3 Be6 6. c3 c6 7. Nf3 Nd7 8. O-O
Be7 9. Re1 O-O 10. Nxe5 Nxe5 11. Rxe5 Bf6 12. Re1 Qd7 13. Qf3 b5 14. Bb3 a5 15.
Bc2 Rae8 16. Rf1 g5 17. d4 Ne7 18. Qxf6 1-0

[Event "Let's Play Chess!"]
[Site "http://www.queenalice.com/game.php?id=1123184"]
[Date "2012.11.17"]
[Round "-"]
[White "Ruusgugg"]
[Black "davidg"]
[Result "0-1"]
[WhiteElo "1209"]
[BlackElo "2099"]

1. b3 e5 2. Nc3 c6 3. e3 d5 4. Qh5 Bd6 5. a4 Nf6 6. Qg5 O-O 7. h4 h6 8. Qg3 e4
9. f4 exf3 10. Qxf3 Bg4 11. Qf2 Qc7 12. Bd3 Bg3 13. Nb5 Bxf2+ 14. Kxf2 cxb5 15.
Bxb5 Ne4+ 16. Ke1 Qg3+ 0-1

[Event "Let's Play Chess!"]
[Site "http://www.queenalice.com/game.php?id=1123185"]
[Date "2012.11.17"]
[Round "-"]
[White "davidg"]
[Black "scaccomatto"]
[Result "0-1"]
[WhiteElo "2061"]
[BlackElo "1911"]

1. d4 Nf6 2. c4 g6 3. Nc3 Bg7 4. e4 d6 5. Be2 O-O 6. h4 h5 7. f3 e6 8. Bg5 Nbd7
9. Qd2 c6 10. Nh3 Qb6 11. Be3 c5 12. O-O Re8 13. Na4 Qc6 14. Nc3 cxd4 0-1

[Event "Challenge"]
[Site "http://www.queenalice.com/game.php?id=1125901"]
[Date "2012.11.25"]
[Round "-"]
[White "Nico27"]
[Black "davidg"]
[Result "1-0"]
[WhiteElo "2093"]
[BlackElo "2101"]

1. e4 c5 2. Nf3 d6 3. d4 cxd4 4. Nxd4 a6 5. c4 Nf6 6. Nc3 e6 7. Be2 Be7 8. O-O
O-O 9. Be3 Nbd7 10. Kh1 Qc7 11. f4 b6 12. Rc1 Bb7 13. Qc2 Nc5 14. Bf3 Rad8 15.
b3 1-0

[Event "Challenge"]
[Site "http://www.queenalice.com/game.php?id=1125905"]
[Date "2012.11.25"]
[Round "-"]
[White "Albyrdee"]
[Black "davidg"]
[Result "1-0"]
[WhiteElo "2073"]
[BlackElo "2039"]

1. e4 c5 2. Nc3 d6 3. Nf3 Nf6 4. g3 e6 5. Bg2 Be7 6. O-O Nc6 7. d3 a6 8. Ng5 h6
9. Nh3 g5 10. f4 g4 11. Nf2 h5 12. e5 dxe5 13. Bxc6+ bxc6 14. fxe5 Nh7 15. Nce4
Qd4 16. Bd2 1-0